Formula one drivers line-up 1995 - Statistics

General Stats
  • This quiz has been taken 93 times
  • The average score is 23 of 35
Answer Stats
Constructor Rounds Driver Nationality % Correct
Benetton All Michael Schumacher Germany
95%
Williams All Damon Hill UK
84%
Williams All David Coulthard UK
84%
McLaren 1-14, 16-17 Mika Häkkinen Finland
84%
Benetton All Johnny Herbert UK
81%
Tyrrell All Mika Salo Finland
79%
McLaren 3-4 Nigel Mansell UK
79%
Ferrari All Jean Alesi France
77%
Ligier 4-8, 10-14, 17 Martin Brundle UK
77%
Ferrari All Gerhard Berger Austria
76%
McLaren 15 Jan Magnussen Denmark
73%
Jordan All Rubens Barrichello Brazil
73%
Jordan All Eddie Irvine UK
71%
Sauber All Heinz-Harald Frentzen Germany
71%
McLaren 1-2, 5-17 Mark Blundell UK
71%
Tyrrell 1-13, 15-17 Ukyo Katayama Japan
71%
Simtek 1-5 Jos Verstappen Netherlands
69%
Ligier All Oliver Panis France
68%
Forti All Pedro Diniz Brazil
63%
Ligier 1-3, 9, 15-16 Aguri Suzuki Japan
60%
Footwork 1-7, 15-17 Gianni Morbidelli Italy
56%
Minardi 10-17 Pedro Lamy Portugal
55%
Minardi 1-9 Pierluigi Martini Italy
55%
Sauber 1-4, 16-17 Karl Wendlinger Austria
53%
Minardi All Luca Badoer Italy
53%
Forti All Roberto Moreno Brazil
53%
Pacific All Andrea Montermini Italy
52%
Pacific 1-8, 15-17 Bertrand Gachot France
50%
Tyrrell 14 Gabriele Tarquini Italy
50%
Footwork All Taki Inoue Japan
50%
Pacific 9-12 Giovanni Lavaggi Italy
47%
Simtek 1-5 Domenico Schiattarella Italy
45%
Sauber 5-15 Jean-Christophe Boullion France
44%
Pacific 13-14 Jean-Denis Delétraz Switzerland
42%
Footwork 8-14 Massimiliano Papis Italy
42%
No matching quizzes found
Score Distribution
Percent of People with Each Score
Percentile by Number Answered
Your Score History
You have not taken this quiz